Quizzes
Events
Quiz Creation
Community
Videos
Private Events
Remove Ads
Sign In
Join for FREE
Feedback
Dark Mode
Quiz Categories
Sports
Geography
Music
Movies
Television
Just For Fun
Miscellaneous
History
Literature
Language
Science
Gaming
Entertainment
Religion
Holiday
For Kids
Quiz Lab
Recent
Popular Today
Quiz Kudos Today
Editor Picks
Curator Picks
Quizzes by...
Day
Popularity
Type
Ratings
Length
Year
Community
Subscriptions
Recent Discussions
Orange Saloon
Badges
Playlists
Quests
Create
Leaderboards
Showdown
Live 5
Trivia Bingo
Activity
Puzzle Library
Sporcle Events
Private Events
Virtual Trivia
Globe League
Become a Host
Pub Owners
SporcleCon
Opinionation
Our Games
Videos
Blog
Mobile Apps
Partnerships
Remove Ads and Go Orange
Feedback
Music
Pop Music
The Beatles
Song
Album
Lyrics
Bands
Singers
Artist
Clip
Rock
Rap
Classical
Billboard
Country Music
Kpop
Taylor Swift
Music
Pop Music
The Beatles
Song
Album
Lyrics
Bands
Singers
Artist
Clip
Rock
Rap
Classical
Billboard
Country Music
Kpop
Taylor Swift
Random Quiz
Search Sporcle
×
Quiz Lab
Quiz Lab
Music
Lyrics
Type in answers that appear in a list
Type in answers that appear in a list
Classic
Best Score? Go Orange.
Something In the Way She Moves by James Taylor Stats
Can you name the lyrics to 'Something In the Way She Moves' by James Taylor?
By
Jonas1189
7m
241 Questions
255 Plays
255 Plays
255 Plays
Comments
Comments
Give Quiz Kudos
Give Quiz Kudos
-
- Ratings
hide this ad
Replay
Link that replays current quiz
Next Quiz
Link to next quiz in quiz playlist
You Got
0%
They Got
Avg Score
79%
Avg Friend Score
Upgrade to see
Score Distribution
Jump to the score distribution portion of the page
Score
0/241
Timer
07:00
0
Plays Today
% Correct
the
99.6%
And
99.6%
and
99.6%
And
99.6%
the
99.6%
And
99.6%
a
99.6%
and
99.6%
and
99.6%
the
99.6%
And
99.6%
the
99.6%
and
99.6%
the
99.6%
and
99.6%
the
99.6%
and
99.6%
and
99.6%
the
99.6%
the
99.6%
And
99.6%
the
99.6%
And
99.6%
a
99.6%
and
99.6%
way
98.8%
she
98.8%
moves,
98.8%
way
98.8%
She
98.8%
She
98.8%
way
98.8%
way,
98.8%
She
98.8%
Something
98.4%
I
98.4%
I
98.4%
I
98.4%
I
98.4%
I
98.4%
I
98.4%
I
98.4%
I
98.4%
I
98.4%
I
98.4%
in
97.6%
in
97.6%
some
97.2%
she
97.2%
me
92.9%
me
92.9%
me
92.9%
me
92.9%
me
92.9%
me
92.9%
no
92.9%
me
92.9%
me
92.9%
me,
92.9%
me
92.9%
me
92.9%
me
92.9%
me
92.9%
me
92.9%
my
89.8%
my
89.8%
my
89.8%
to
87%
to
87%
to
87%
to
87%
to
87%
to
87%
To
87%
to
87%
to
87%
if
85.8%
I'm
85.8%
if
85.8%
I'm
85.8%
if
85.8%
% Correct
I'm
85.8%
can
83.5%
can
83.5%
can
83.5%
or
83.1%
or
83.1%
or
83.1%
now,
83.1%
now
83.1%
you
83.1%
now
83.1%
now
83.1%
now
83.1%
now,
83.1%
now
83.1%
you
83.1%
now
83.1%
now
83.1%
That
82.3%
on
82.3%
that
82.3%
that
82.3%
feel
81.9%
she's
81.9%
she's
81.9%
she's
81.9%
She's
81.9%
feel
81.9%
she's
81.9%
she's
81.9%
feel
81.9%
she's
81.9%
she's
81.9%
she's
81.9%
She's
81.9%
feel
81.9%
time
81.5%
time
81.5%
time
81.5%
time
81.5%
It
81.1%
it
81.1%
with
80.7%
with
80.7%
with
80.7%
with
80.7%
all
79.9%
been
79.9%
been
79.9%
been
79.9%
all
79.9%
been
79.9%
been
79.9%
go
79.1%
go
79.1%
go
79.1%
know,
78.7%
looks
77.2%
fine
77.2%
fine
77.2%
fine
77.2%
fine
77.2%
tell
76.8%
tell
76.8%
by
76.4%
where
76%
where
76%
where
76%
down
75.6%
down
75.6%
well
75.2%
well
75.2%
always
74.8%
make
74.8%
one
74.8%
name
74.4%
around
74.4%
around
74.4%
around
74.4%
around
74.4%
feeling
74%
% Correct
long,
74%
long
74%
then
74%
Of
74%
then
74%
then
74%
long,
74%
long
74%
like
73.6%
calls
73.2%
not
73.2%
seems
72.4%
seems
72.4%
what
72.4%
what
72.4%
this
72%
just
71.7%
just
71.7%
blue
70.1%
almost
69.7%
has
69.7%
almost
69.7%
mind...
69.3%
Every
68.9%
troubled
68.5%
troubled
68.5%
find
68.5%
find
68.5%
say
67.7%
world
67.3%
they
67.3%
they
67.3%
anytime
66.9%
anytime
66.9%
let
66.1%
got
66.1%
got
66.1%
else
65.7%
good
65.7%
quite
65.4%
quite
65.4%
their
65%
leave
64.6%
are
64.6%
behind
64.2%
foolish
64.2%
game
63.4%
times
63.4%
should
63%
things
61.8%
change
61%
myself
60.2%
how
60.2%
words
60.2%
hear
60.2%
them
60.2%
mean
60.2%
them
60.2%
lose
59.8%
sound
59.8%
power
59.4%
remind
59.1%
isn't
58.7%
says
58.7%
places
57.9%
doesn't
57.5%
meaning
55.9%
nice
55.9%
calm
55.1%
lean
54.3%
much
53.1%
matter
53.1%
happiness
52.4%
silently
51.2%
thinks
49.2%
mostly
45.3%
but
43.3%
careening
39.8%
best
37.8%
Quiz Playlist
Details
Report
Send in Message
Add To Playlist
Classic:
Type in answers that appear in a list
Last Updated: Jul 24, 2017
Quiz Scoreboard
CHALLENGE
Sign Up to Join the Scoreboard
Show All
Scores
Hide
Comments
May contain spoilers
Recently Published
College Basketball Coaching Resumes
by pancakes188
Sports
9m
Billboard Blitz: Fleetwood Mac
by CooCooCachoo
Music
15s
Presidents Visiting Landmarks
by Hejman
History
7m
More to Explore
Quiz From the Vault
Featured Blog Post
Where Did the Easter Bunny Come From?
hide this ad
You Might Also Like...
Tags
Lyrics Quiz
1960s
1968
1970s
Folk Music
Greatest Hits
James Taylor
Today's Top Quizzes in Music
Browse Music
hide this ad
Today's Top Quizzes in Lyrics
Browse Lyrics
Top Contributed Quizzes in Music
1
Taylor Swift All Songs (2024)
2
7-to-1: Billboard Hot 100 #1 Hits of 2010s
3
Guess the Artist- 70s Songs
4
Sorting Albums and Songs
5
Taylor Swift Logic Puzzle
6
KPOP LOGIC QUIZ
7
Guess the Taylor Swift song (Mystery Song)
8
2010s Album by Cover III
9
One Thing in Common: Music
10
Guess The Taylor Swift Lyrics Song #1
Explore More
Trending Topics
Harry Potter
Crossword
Kpop
Marvel
Anime
Disney
NBA
Song
NFL
Country
WWE
Soccer
The Office
Pokémon
Puzzle
hide this ad
More By:
Jonas1189
Quiz
Plays
Rating
Category
Featured
Created
Ice Hockey at the 2018 Winter Olympics
4,606
4.57
Sports
Aug 30, 2017
Original 'New' Places
2,146
4.75
Geography
Aug 24, 2012
Maddux, Glavine, Thomas teams
1,366
4.25
Sports
Jan 9, 2014
Rugby at the 2016 Summer Olympics
812
4.83
Sports
Jul 27, 2016
Lyrics 'On the Road Again' by Willie Nelson
735
5.00
Music
Nov 25, 2014
Go to Creator's Profile
Score Distribution
Quiz Creator Spotlight
Jonas1189
Follow
Send a Message
Quizzes Created
-
Created Quiz Play Count
-
More By This Creator
Popular Quizzes Today
1
Find the US States - No Outlines Minefield
2
Find the Countries of Europe - No Outlines Minefield
3
The Countries of the World
4
Find the US States
5
Risky Map Clicking: Biggest States A-Z
6
US States
7
Popular People in 1961
8
Movies - When Are They Set?
More Music Quizzes
Upset Musicians
Published
Trending Quizzes
Risky Map Clicking: Least Populous States A-Z
1-10 Letter G Words
1-10 Letter F Words
Risky Map Clicking: Next State Alphabetically
Risky Map Clicking: Biggest States A-Z
Recently Updated
Leaping Animals
pecheneg
Reality TV Shows (A-Z)
bhenderson79
Rickey Henderson's Hall of Fame Teammates
pecheneg
Champions League XIs: Arsenal
pecheneg
Quick Pick: Celebrities in WWE's Hall of Fame
aduchscher
A-Z Keypad Blitz II
pecheneg
Multiple Oscar Actors
pecheneg
Mystery Phrase Blitz: Oscar 'Best Actors'
pecheneg
F. Scott Fitzgerald Novels
LTH
Pick 3 Villains
ddd62291
Trending Topics
Disney
Anime
Crossword
Marvel
NBA
Kpop
Harry Potter
Country
Pokémon
Song
NFL
Puzzle
WWE
Soccer
The Office
Your Account Isn't Verified!
In order to create a playlist on Sporcle, you need to verify the email address you used during registration. Go to your
Sporcle Settings
to finish the process.
Report this User
Report this user for behavior that violates our
Community Guidelines
.
Details:
Send Report
Go to the Sporcle.com Mobile Site →
Comments